MARC

LEADER 00000naa2a2200000 4500
001 625934
005 20250924100238.0
035 |a (RuTPU)RU\TPU\conf\25211 
035 |a RU\TPU\conf\25210 
090 |a 625934 
100 |a 20180111d2017 k y0rusy50 ba 
101 0 |a eng 
102 |a RU 
105 |a y z 101zy 
135 |a drcn ---uucaa 
181 0 |a i  
182 0 |a b 
200 1 |a The vibrational spectroscopy of biocompatible polymers  |f E. G. Bogatova [et al.] 
203 |a Текст  |c электронный 
300 |a Заглавие с титульного экрана 
320 |a [Библиогр.: с. 14 (3 назв.)] 
463 1 |0 (RuTPU)RU\TPU\conf\25207  |t Междисциплинарные проблемы аддитивных технологий  |o сборник тезисов III Всероссийского научного семинара с международным участием, 4-6 декабря 2017, Томск  |f Национальный исследовательский Томский политехнический университет (ТПУ) ; под ред. А. Г. Князевой  |v [С. 13-14]  |d 2017 
610 1 |a электронные ресурсы 
610 1 |a труды учёных ТПУ 
610 1 |a спектроскопия 
610 1 |a биосовместимые полимеры 
610 1 |a биоразлагаемые полимеры 
610 1 |a тканевая инженерия 
610 1 |a поликапролактон 
610 1 |a адгезия 
701 1 |a Bogatova  |b E. G. 
701 1 |a Rodriguez (Rodriges) Contreras  |b R. D.  |c Venezuelan physicist, doctor of science  |c Professor of Tomsk Polytechnic University  |f 1982-  |g Raul David  |3 (RuTPU)RU\TPU\pers\39942  |9 21179 
701 1 |a Bolbasov  |b E. N.  |c physicist  |c Senior Researcher at Tomsk Polytechnic University, Candidate of Technical Sciences  |f 1981-  |g Evgeny Nikolaevich  |3 (RuTPU)RU\TPU\pers\30857  |9 15103 
701 1 |a Tverdokhlebov  |b S. I.  |c physicist  |c Associate Professor of Tomsk Polytechnic University, Candidate of physical and mathematical science  |f 1961-  |g Sergei Ivanovich  |3 (RuTPU)RU\TPU\pers\30855  |9 15101 
701 1 |a Sheremet  |b E. S.  |c physicist  |c Professor of Tomsk Polytechnic University  |f 1988-  |g Evgeniya Sergeevna  |3 (RuTPU)RU\TPU\pers\40027  |9 21197 
712 0 2 |a Национальный исследовательский Томский политехнический университет (ТПУ)  |b Физико-технический институт (ФТИ)  |b Кафедра экспериментальной физики (ЭФ)  |3 (RuTPU)RU\TPU\col\21255 
801 2 |a RU  |b 63413507  |c 20191129  |g RCR 
850 |a 63413507 
856 4 |u http://earchive.tpu.ru/handle/11683/45859 
942 |c BK